LEADER 01054nam a2200277 i 4500 001 991000497539707536 005 20260408150424.0 008 960702s1987 it ||| | ita 035 $ab10086377-39ule_inst 035 $aLE02517148$9ExL 040 $aBibl. Dip.le Aggr. Scienze Economia - Sez. Settore Economico 082 04$a330 100 1 $aSamuelson, Paul A.$0440036 240 10$aEconomics$93008286 245 10$aEconomia /$cPaul A. Samuelson, William D. Nordhaus ; edizione italiana a cura di Mario Ferretti 250 $a12. ed 260 $aBologna :$bZanichelli,$cc1987 300 $axxix, 904 p. ;$c28 cm 650 4$aEconomia$vManuali 700 1 $aNordhaus, William D.$eauthor$4http://id.loc.gov/vocabulary/relators/aut$0106474 907 $a.b10086377$b09-04-15$c27-06-02 912 $a991000497539707536 945 $aLE025 ECO 330 SAM01.02$g1$i2025000009493$lle025$o-$pE0.00$q-$rl$s-$t0$u10$v3$w10$x0$y.i10099694$z27-06-02 996 $aEconomics$93008286 997 $aUNISALENTO 998 $ale025$b01-01-96$cm$da$e-$fita$git$h0$i1